000 00874nam a22002177a 4500
010 _a1617CH-EN
020 _a9789381607473
_c175.00
035 _aB-643872-894
035 _aB-664671
037 _aDPL
_bBSB/Ven.
082 _aS
100 _aDumas, Alexandre
245 _aThe three musketeers /
_cby Alexandre Dumas
260 _aNew Delhi
_bOm Kidz
_c2015
270 _a4379/4B, Prakash House, Ansari Road,
_bNew Delhi
_e110002
300 _a240p.
_bill.
_c20cm(Hb)
490 _aOm Illustrated Classics
942 _2ddc
_cCH
_mDUM
_kS
999 _c100392
_d100392